Rural health providers in South-West Uganda / (Record no. 746)
[ view plain ]
| 000 -LEADER | |
|---|---|
| fixed length control field | 01137cam a2200301 a 4500 |
| 001 - CONTROL NUMBER | |
| control field | 11912349 |
| 003 - CONTROL NUMBER IDENTIFIER | |
| control field | OSt |
| 005 - DATE AND TIME OF LATEST TRANSACTION | |
| control field | 20141117130635.0 |
| 008 - FIXED-LENGTH DATA ELEMENTS--GENERAL INFORMATION | |
| fixed length control field | 991028s1999 ug b b 001 0 eng |
| 010 ## - LIBRARY OF CONGRESS CONTROL NUMBER | |
| LC control number | 99888526 |
| 020 ## - INTERNATIONAL STANDARD BOOK NUMBER | |
| International Standard Book Number | 9970021648 |
| 035 ## - SYSTEM CONTROL NUMBER | |
| System control number | (DLC) 99888526 |
| 040 ## - CATALOGING SOURCE | |
| Original cataloging agency | DLC |
| Transcribing agency | DLC |
| Modifying agency | DLC |
| 042 ## - AUTHENTICATION CODE | |
| Authentication code | lcode |
| 043 ## - GEOGRAPHIC AREA CODE | |
| Geographic area code | f-ug--- |
| 050 00 - LIBRARY OF CONGRESS CALL NUMBER | |
| Classification number | RA771.7.U33 |
| Item number | R87 1999 |
| 082 00 - DEWEY DECIMAL CLASSIFICATION NUMBER | |
| Classification number | WA 390 R88 1999 |
| Edition number | 21 |
| 245 00 - TITLE STATEMENT | |
| Title | Rural health providers in South-West Uganda / |
| Statement of responsibility, etc. | edited by Mohammad A.M. Kisubi & Justus Mugaju. |
| 260 ## - PUBLICATION, DISTRIBUTION, ETC. (IMPRINT) | |
| Place of publication, distribution, etc. | Kampala, Uganda : |
| Name of publisher, distributor, etc. | Fountain Publishers, |
| Date of publication, distribution, etc. | 1999. |
| 300 ## - PHYSICAL DESCRIPTION | |
| Extent | viii, 180 p. : |
| Other physical details | maps ; |
| Dimensions | 21 cm. |
| 504 ## - BIBLIOGRAPHY, ETC. NOTE | |
| Bibliography, etc | Includes bibliographical references and index. |
| 610 20 - SUBJECT ADDED ENTRY--CORPORATE NAME | |
| Corporate name or jurisdiction name as entry element | European Development Fund/Rural Health Programme. |
| 9 (RLIN) | 1977 |
| 650 #0 - SUBJECT ADDED ENTRY--TOPICAL TERM | |
| Topical term or geographic name as entry element | Rural health services |
| Geographic subdivision | Uganda |
| General subdivision | International cooperation. |
| 9 (RLIN) | 1978 |
| 700 1# - ADDED ENTRY--PERSONAL NAME | |
| Personal name | Kisubi, Mohammad A. M. |
| 9 (RLIN) | 1979 |
| 906 ## - LOCAL DATA ELEMENT F, LDF (RLIN) | |
| a | 7 |
| b | cbc |
| c | origode |
| d | 3 |
| e | ncip |
| f | 19 |
| g | y-gencatlg |
| 942 ## - ADDED ENTRY ELEMENTS (KOHA) | |
| Source of classification or shelving scheme | Other/Generic Classification Scheme |
| Koha item type | Short Loan |
| Withdrawn status | Lost status | Source of classification or shelving scheme | Damaged status | Not for loan | Home library | Current library | Date acquired | Source of acquisition | Inventory number | Total Checkouts | Full call number | Barcode | Date last seen | Price effective from | Koha item type |
|---|---|---|---|---|---|---|---|---|---|---|---|---|---|---|---|
| Other/Generic Classification Scheme | MUST Main Library | MUST Main Library | 17/11/2014 | 2000/14288 | WA 390 R88 1999 | 2014-3360 | 17/11/2014 | 17/11/2014 | Short Loan | ||||||
| Other/Generic Classification Scheme | MUST Main Library | MUST Main Library | 17/11/2014 | WA 390 R88 1999 | 2014-3372 | 17/11/2014 | 17/11/2014 | Short Loan | |||||||
| Other/Generic Classification Scheme | MUST Main Library | MUST Main Library | 20/11/2014 | 2000/14285 | WA 390 R88 1999 | 2014-3404 | 20/11/2014 | 20/11/2014 | Short Loan |
